El derecho constitucional panameño: antecedentes, doctrinas y soluciones
Enregistré dans:
| Auteur principal: | |
|---|---|
| Format: | Livre |
| Langue: | espagnol |
| Publié: |
Ciudad de Panamá
Nacional
1960
|
| Sujets: | |
| Tags: |
Ajouter un tag
Pas de tags, Soyez le premier à ajouter un tag!
|
MARC
| LEADER | 00000nam a2200000 a 4500 | ||
|---|---|---|---|
| 001 | UCS0330 | ||
| 003 | CL-VaPUC | ||
| 008 | 970418e19600000PN |||||||||||||||||spa|d | ||
| 082 | 0 | 4 | |a 342.728 |b MOS |2 21 |
| 100 | |a Moscote, José Dolores |e autor |9 383645 | ||
| 245 | 1 | 3 | |a El derecho constitucional panameño: antecedentes, doctrinas y soluciones |
| 300 | |a 654 p | ||
| 942 | |c BK | ||
| 945 | |d 19970418 00:00:00 |a lriquelm | ||
| 260 | |a Ciudad de Panamá |b Nacional |c 1960 | ||
| 650 | 0 | |a Jurisprudencia |9 255952 | |
| 650 | 7 | |a CONSTITUCIONALIDAD |2 CL-VaPUC |9 255951 | |
| 650 | 0 | |a Derecho constitucional |9 222588 | |
| 650 | 0 | |a Nacionalidad |9 357571 | |
| 650 | 7 | |a DERECHO DE EXTRANJERIA |2 CL-VaPUC |9 358059 | |
| 650 | 7 | |a DERECHO SOCIAL |2 CL-VaPUC |9 256772 | |
| 650 | 0 | |a Derecho político |9 257756 | |
| 650 | 0 | |a Poder ejecutivo |9 255177 | |
| 650 | 0 | |a Poder judicial |9 254871 | |
| 651 | 7 | |a PANAMA |2 CL-VaPUC |9 257728 | |
| 583 | |a last modification |c 20130926 06:25:06 |k Rodrigo Vera | ||
| 999 | |c 258562 |d 258560 | ||
| 952 | |0 0 |1 0 |4 0 |6 342_728000000000000_MOS_1960 |7 0 |8 A |9 282745 |a BIBDER |b BIBDER |d 2019-11-19 |i 1825852 |o 342.728 MOS 1960 |p 1825852 |r 2023-01-25 |w 2019-11-19 |y BK |k DER | ||